| 000 | 00675nam a2200217Ia 4500 | ||
|---|---|---|---|
| 003 | OSt | ||
| 005 | 20250125122907.0 | ||
| 008 | 210210b1977 xxu||||| |||| 00| 0 eng d | ||
| 040 | _cAL | ||
| 041 | _aKannada | ||
| 082 | _aK894.2 SHAM | ||
| 100 |
_aSHAKESPEARE (William). _9139039 _dವಿಲಿಯಂ ಷೇಕ್ಸ್ಪಿಯರ್ |
||
| 245 |
_aMacbeth _bಮ್ಯಾಕ್ ಬೆತ್ |
||
| 260 |
_aBengaluru _bNaresh and Kampani _c1977 |
||
| 300 | _a103 | ||
| 650 |
_aMyak bet _9139045 |
||
| 690 |
_aKannada Drama _9139040 |
||
| 700 |
_aRamachandra Deva. _dಅನುವಾದ ರಾಮಚಂದ್ರ ದೇವ Tr _9195493 |
||
| 906 | _a042426 | ||
| 942 |
_2ddc _cBK |
||
| 999 |
_c91830 _d91830 |
||